<?xml version="1.0" encoding="UTF-8"?>
<record
    xmlns:xsi="http://www.w3.org/2001/XMLSchema-instance"
    xsi:schemaLocation="http://www.loc.gov/MARC21/slim http://www.loc.gov/standards/marcxml/schema/MARC21slim.xsd"
    xmlns="http://www.loc.gov/MARC21/slim">

  <leader>01012nam a22002537a 4500</leader>
  <controlfield tag="005">20170123164202.0</controlfield>
  <datafield tag="010" ind1=" " ind2=" ">
    <subfield code="a">A-824982</subfield>
  </datafield>
  <datafield tag="020" ind1=" " ind2=" ">
    <subfield code="c">125.00</subfield>
  </datafield>
  <datafield tag="035" ind1=" " ind2=" ">
    <subfield code="a">A-824982</subfield>
  </datafield>
  <datafield tag="037" ind1=" " ind2=" ">
    <subfield code="a">Cen Lib / Ret</subfield>
  </datafield>
  <datafield tag="040" ind1=" " ind2=" ">
    <subfield code="a">DPL</subfield>
    <subfield code="b">PN</subfield>
  </datafield>
  <datafield tag="082" ind1=" " ind2=" ">
    <subfield code="a">260.2</subfield>
    <subfield code="b">&#xA2C;&#xA18;&#xA47;&#xA32;</subfield>
  </datafield>
  <datafield tag="100" ind1=" " ind2=" ">
    <subfield code="a">&#xA2C;&#xA18;&#xA47;&#xA32; &#xA38;&#xA3F;&#xA70;&#xA18;, &#xA38;&#xA42;&#xA2C;&#xA47;&#xA26;&#xA3E;&#xA30;</subfield>
    <subfield code="9">48203</subfield>
  </datafield>
  <datafield tag="245" ind1=" " ind2=" ">
    <subfield code="a">&#xA28;&#xA3E;&#xA2E; &#xA05;&#xA70;&#xA2E;&#xA4D;&#xA30;&#xA3F;&#xA24;&#xA3E; </subfield>
    <subfield code="c"> &#xA38;&#xA42;&#xA2C;&#xA47;&#xA26;&#xA3E;&#xA30; &#xA2C;&#xA18;&#xA47;&#xA32; &#xA38;&#xA3F;&#xA70;&#xA18;</subfield>
  </datafield>
  <datafield tag="246" ind1=" " ind2=" ">
    <subfield code="a">Nam amrit /</subfield>
    <subfield code="b">by Baghel Singh </subfield>
  </datafield>
  <datafield tag="260" ind1=" " ind2=" ">
    <subfield code="a">&#xA05;&#xA2E;&#xA3F;&#xA4D;&#xA24;&#xA38;&#xA30;</subfield>
    <subfield code="b">&#xA35;&#xA3E;&#xA30;&#xA3F;&#xA38; &#xA38;&#xA3C;&#xA3E;&#xA39; &#xA2B;&#xA3E;&#xA09;&#xA02;&#xA02;&#xA21;&#xA47;&#xA38;&#xA3C;&#xA28;</subfield>
  </datafield>
  <datafield tag="270" ind1=" " ind2=" ">
    <subfield code="a">42- &#xA17;&#xA41;&#xA30;&#xA42; &#xA24;&#xA47;&#xA17; &#xA2C;&#xA39;&#xA3E;&#xA26;&#xA41;&#xA30; &#xA28;&#xA17;&#xA30;,&#xA21;&#xA3E;&#xA15; &#xA16;&#xA3E;&#xA32;&#xA38;&#xA3E; &#xA15;&#xA3E;&#xA32;&#xA1C;</subfield>
    <subfield code="b">&#xA05;&#xA2E;&#xA3F;&#xA4D;&#xA24;&#xA38;&#xA30;</subfield>
    <subfield code="e">143002</subfield>
  </datafield>
  <datafield tag="300" ind1=" " ind2=" ">
    <subfield code="a">224p.</subfield>
    <subfield code="b">23cm(Hb)</subfield>
  </datafield>
  <datafield tag="650" ind1=" " ind2=" ">
    <subfield code="a">&#xA2A;&#xA70;&#xA1C;&#xA3E;&#xA2C;&#xA40; &#xA38;&#xA3E;&#xA39;&#xA3F;&#xA24;</subfield>
    <subfield code="9">139145</subfield>
  </datafield>
  <datafield tag="650" ind1=" " ind2=" ">
    <subfield code="a">Punjabi -- literature</subfield>
    <subfield code="9">139146</subfield>
  </datafield>
  <datafield tag="650" ind1=" " ind2=" ">
    <subfield code="a">&#xA2A;&#xA70;&#xA1C;&#xA3E;&#xA2C;&#xA40; -- &#xA27;&#xA30;&#xA2E;</subfield>
    <subfield code="9">1301</subfield>
  </datafield>
  <datafield tag="650" ind1=" " ind2=" ">
    <subfield code="a">Punjabi -- religons </subfield>
    <subfield code="9">139147</subfield>
  </datafield>
  <datafield tag="942" ind1=" " ind2=" ">
    <subfield code="2">ddc</subfield>
    <subfield code="c">PN</subfield>
    <subfield code="h">260.1</subfield>
    <subfield code="m">&#xA2C;&#xA18;&#xA47;&#xA32;</subfield>
  </datafield>
  <datafield tag="999" ind1=" " ind2=" ">
    <subfield code="c">111144</subfield>
    <subfield code="d">111144</subfield>
  </datafield>
  <datafield tag="952" ind1=" " ind2=" ">
    <subfield code="0">0</subfield>
    <subfield code="1">0</subfield>
    <subfield code="4">0</subfield>
    <subfield code="7">0</subfield>
    <subfield code="a">L</subfield>
    <subfield code="b">L</subfield>
    <subfield code="d">2016-02-13</subfield>
    <subfield code="e">Cen Lib/Ret</subfield>
    <subfield code="g">260.10</subfield>
    <subfield code="l">1</subfield>
    <subfield code="o">260.2 &#xA2C;&#xA18;&#xA47;&#xA32;</subfield>
    <subfield code="p">A-824982</subfield>
    <subfield code="r">2018-06-11 00:00:00</subfield>
    <subfield code="s">2018-05-28</subfield>
    <subfield code="t">1</subfield>
    <subfield code="v">125.00</subfield>
    <subfield code="w">2016-02-13</subfield>
    <subfield code="y">PN</subfield>
  </datafield>
</record>
